Como ganar dinero con la cria del conejo /

Guardado en:
Autor Principal: Ayala Martín, Emilio
Formato: Libro
Publicado: Barcelona : Sertebi, 1979
Edición:8a. ed.
Series:Cuadernos Agropecuarios
Materias:
Etiquetas: Agregar Etiqueta
Sin Etiquetas, Sea el primero en etiquetar este registro!
LEADER 00945nam a22002655a 4500
001 CEM.cems015995
008 130507s1979##################000#0#####d
005 20210907174228.0
003 CEMS
245 1 0 |a Como ganar dinero con la cria del conejo /  |c Emilio Ayala Martin 
250 |a 8a. ed. 
260 |a Barcelona :  |b Sertebi,  |c 1979 
300 |a 208 p. 
490 1 |a Cuadernos Agropecuarios 
505 0 |a Generalidades y principios -- Iniciación de la industria -- Instalaciones y material -- Alimentación -- Reproducción y selección -- Higiene y enfermedades -- Organización -- Datos útiles en cunicultura 
020 |a 8485110048 
100 1 |a Ayala Martín, Emilio 
082 0 4 |a 636.9 
653 |a Conejos 
653 |a Conejos-alojamiento 
653 |a Conejos-alimentación 
653 |a Cunicultura 
653 |a Conejos-razas 
653 |a Conejos-enfermedades 
859 |a CEMS  |b BIB. CEMS - Agricultura  |h 636.9  |i Ay14a8  |p A10962.82  |t Ej.1